000 01029nam a2200289 a 4500
001 47757
003 BD-RjUL
005 20211209054404.0
008 160810s2003 enka b 001 0 eng
020 _a0761971823
020 _a0761971831 (pbk)
035 _a(BD-RjUL)47876
040 _aUKM
_cUKM
_dBD-RjUL
_beng
041 _aeng
082 0 0 _a321.8
_223
_bUND 2003
245 0 0 _aUnderstanding democratic politics :
_ban introduction /
_cRoland Axtmann.
260 _aLondon ;
_aThousand Oaks, Calif. :
_bSAGE,
_c2003
300 _axi, 339 p. ;
_c25 cm.
504 _aIncludes bibliographical references and index.
650 0 _aDemocracy
_vTextbooks.
_9145037
650 0 _aPolitical science
_vTextbooks.
_9145038
650 0 _aIdeology
_vTextbooks.
_9145039
700 1 _aAxtmann, Roland.
_9145040
856 4 2 _3Publisher description
_uhttp://www.loc.gov/catdir/enhancements/fy0657/2002106570-d.html
856 4 1 _3Table of contents only
_uhttp://www.loc.gov/catdir/enhancements/fy0657/2002106570-t.html
942 _2ddc
_cBK
999 _c47757
_d47757